000
00267nam a2200109Ia 4500
008
220204s9999 xx 000 0 und d
082
_a
82-3
_b
JAC
100
_a
Jacobs, Franc
245
0
_a
Sing along with mad
260
_a
New Jersy
_b
New American Library
942
_c
BK
999
_c
35748
_d
35748